Kleinparteien mit den meisten Stimmen - Statistiken

Allgemein
  • Dieses Quiz wurde 48 mal gespielt
  • Das Durchschnittsergebnis liegt bei 24 aus 63
Antwortstatistiken
Jahr % Bundesland mit
den meisten Zweitstimmen (%)
Partei % Korrekt
2013 4,8 Baden-Württemberg (6,2%) FDP
83%
2025 4,3 Baden-Württemberg (5,6%) FDP
83%
2021 4,9 Berlin & Thüringen (11,4%) Die Linke
79%
2013 4,7 Sachsen (6,8%) AfD
76%
1965 2,0 Bayern & Bremen (2,7%) NPD
74%
1969 4,3 Rheinland-Pfalz (6,3%) NPD
74%
1972 0,6 Baden-Württemberg, Rheinland-Pfalz & Saarland (0,8%) NPD
74%
1976 0,3 Baden-Württemberg, Bayern, Rheinland-Pfalz & Saarland (0,4%) NPD
74%
1980 0,2 Baden-Württemberg, Bayern, Bremen, Hamburg, Hessen, Rheinland-Pfalz & Saarland (0,2%) NPD
74%
1983 0,2 Baden-Württemberg, Bayern, Bremen, Rheinland-Pfalz & Saarland (0,3%) NPD
74%
1987 0,6 Baden-Württemberg (1,0%) NPD
74%
2005 1,6 Sachsen (4,8%) NPD
74%
2009 1,5 Sachsen (4,0%) NPD
74%
2025 4,97 Sachsen-Anhalt (11,2%) BSW
71%
1980 1,5 Bremen (2,7%) Die Grünen
71%
1990 3,8 Bremen (8,3%) Die Grünen
71%
2017 1,0 Bayern (2,7%) Freie Wähler
71%
2021 2,4 Bayern (7,5%) Freie Wähler
71%
2025 1,5 Bayern (4,3%) Freie Wähler
71%
2009 2,0 Berlin (3,4%) Piraten
67%
2013 2,2 Berlin (3,6%) Piraten
67%
2009 0,5 Berlin (1,4%) Tierschutzpartei
52%
2017 0,8 Brandenburg (1,8%) Tierschutzpartei
52%
2021 1,5 Saarland (2,8%) Tierschutzpartei
52%
1949 4,2 Bayern (20,9%) BP
48%
1953 1,7 Bayern (9,2%) BP
48%
1969 0,2 Bayern (0,9%) BP
48%
2017 1,0 Berlin (2,1%) Die PARTEI
48%
1953 2,2 Bremen (3,9%) KPD
45%
1976 0,1 Baden-Württemberg, Bayern, Bremen, Hamburg, Hessen, Nordrhein-Westfalen & Rheinland-Pfalz (0,1%) KPD (AO)
45%
1990 2,4 Mecklenburg-Vorpommern (14,2%) PDS
31%
1994 4,4 Mecklenburg-Vorpommern (23,6%) PDS
31%
2002 4,0 Brandenburg (17,2%) PDS
31%
1987 0,3 Bayern (0,6%) ÖDP
29%
1998 1,8 Baden-Württemberg (4,0) Die Republikaner
26%
2002 0,6 ? Die Republikaner
26%
2005 0,6 ? Die Republikaner
26%
1949 3,1 Nordrhein-Westfalen (8,9%) DZP
26%
1994 0,5 Berlin (1,4%) Die Grauen
19%
2005 0,4 ? Die Grauen
19%
1972 0,3 Bremen & Saarland (0,7%) DKP
19%
1976 0,3 Bremen & Hamburg (0,8%) DKP
19%
1980 0,2 Bremen & Hamburg (0,5%) DKP
19%
1983 0,2 Bremen (0,4%) DKP
19%
1949 4,0 Bremen (18,0%) DP
10%
1953 3,3 Bremen (17,0%) DP
10%
1957 3,4 Bremen (13,8%) DP
10%
1998 1,2 Sachsen-Anhalt (3,2%) DVU
10%
2002 0,8 ? Schill
10%
1957 4,6 Niedersachsen (7,6%) GB/BHE
7%
1990 2,1 Bayern (5,0%) Die Republikaner
5%
1994 1,9 Baden-Württemberg (3,1) Die Republikaner
5%
1987 0,2 Baden-Württemberg, Hessen & Schleswig-Holstein (0,3%) Frauenpartei
2%
1969 0,6 Bremen (1,5%) ADF
0%
1965 0,2 Baden-Württemberg (0,3%) AUD
0%
1961 1,9 Hamburg (3,6%) DFU
0%
1965 1,3 Bremen & Hamburg (2,7%) DFU
0%
1957 1,0 Rheinland-Pfalz (2,7%) DRP
0%
1961 0,8 Rheinland-Pfalz (2,3%) DRP
0%
1983 0,0 Baden-Württemberg, Bremen, Hessen, Rheinland-Pfalz & Saarland (0,1%) EAP
0%
1972 0,1 Baden-Württemberg, Bayern, Bremen, Hamburg, Hessen, Saarland & Schleswig-Holstein (0,1%) EFP
0%
1961 2,8 Niedersachsen (6,1%) GDP
0%
1998 0,9 Sachsen (2,7%) Pro DM
0%
Keine übereinstimmenden Quizze gefunden
Verteilung der Resultate
Anzahl Personen mit jedem Resultat
Perzentil nach korrekt beantworteten Fragen
Ihre Resultats-Entwicklung
Sie haben dieses Quiz noch nicht gespielt